[Event "April 9 Early 2024"]
[Site "Chess.com"]
[Date "2024.04.09"]
[Round "8"]
[White "Smiech, Sara"]
[Black "Guzman Lozano, Campo Elias"]
[Result "0-1"]
[Board "159"]
[WhiteFideId "91102863"]
[BlackFideId "4403746"]
[BlackTitle "CM"]
[WhiteElo "2467"]
[BlackElo "2212"]
[WhiteTeam "POL"]
[BlackTeam "COL"]
[WhiteClock "0:00:07"]
[BlackClock "0:00:20"]
[Variant "Standard"]

1. e4 {[%clk 0:03:00]}  c5 {[%clk 0:02:59]} 2. Nf3 {[%clk 0:03:00]}  Nc6 {[%clk 0:02:59]} 3. d4 {[%clk 0:03:00]}  cxd4 {[%clk 0:02:59]} 4. Nxd4 {[%clk 0:03:01]}  e5 {[%clk 0:02:59]} 5. Nb5 {[%clk 0:02:59]}  a6 {[%clk 0:02:59]} 6. Nd6+ {[%clk 0:02:58]}  Bxd6 {[%clk 0:02:59]} 7. Qxd6 {[%clk 0:02:59]}  Qe7 {[%clk 0:02:59]} 8. Qd1 {[%clk 0:02:59]}  Nf6 {[%clk 0:02:59]} 9. Nc3 {[%clk 0:02:59]}  d6 {[%clk 0:02:59]} 10. Bg5 {[%clk 0:02:52]}  Be6 {[%clk 0:02:59]} 11. Qd2 {[%clk 0:02:49]}  Rd8 {[%clk 0:02:59]} 12. O-O-O {[%clk 0:02:43]}  h6 {[%clk 0:02:57]} 13. Bxf6 {[%clk 0:02:41]}  Qxf6 {[%clk 0:02:53]} 14. f3 {[%clk 0:02:41]}  O-O {[%clk 0:02:52]} 15. Kb1 {[%clk 0:02:40]}  Nd4 {[%clk 0:02:46]} 16. Ne2 {[%clk 0:02:39]}  d5 {[%clk 0:02:33]} 17. Nxd4 {[%clk 0:02:38]}  dxe4 {[%clk 0:02:32]} 18. Be2 {[%clk 0:02:26]}  Rxd4 {[%clk 0:02:32]} 19. Qe3 {[%clk 0:02:22]}  exf3 {[%clk 0:02:28]} 20. Bxf3 {[%clk 0:02:20]}  Rfd8 {[%clk 0:02:25]} 21. Rxd4 {[%clk 0:02:18]}  exd4 {[%clk 0:02:24]} 22. Qd2 {[%clk 0:02:14]}  b5 {[%clk 0:02:22]} 23. Rf1 {[%clk 0:02:09]}  Qe5 {[%clk 0:02:22]} 24. h3 {[%clk 0:02:07]}  Bc4 {[%clk 0:02:10]} 25. Re1 {[%clk 0:02:07]}  Qd6 {[%clk 0:02:08]} 26. b3 {[%clk 0:01:56]}  Be6 {[%clk 0:02:06]} 27. Be4 {[%clk 0:01:50]}  Qg3 {[%clk 0:01:50]} 28. Rf1 {[%clk 0:01:35]}  Qc3 {[%clk 0:01:49]} 29. Qf2 {[%clk 0:01:27]}  a5 {[%clk 0:01:36]} 30. Bf5 {[%clk 0:01:13]}  Bd5 {[%clk 0:01:32]} 31. Rd1 {[%clk 0:01:03]}  Be6 {[%clk 0:01:15]} 32. Bxe6 {[%clk 0:01:03]}  fxe6 {[%clk 0:01:14]} 33. Qe2 {[%clk 0:01:03]}  Qc6 {[%clk 0:01:12]} 34. Qe5 {[%clk 0:01:00]}  Qd5 {[%clk 0:01:12]} 35. Qc7 {[%clk 0:00:53]}  e5 {[%clk 0:01:11]} 36. Qxa5 {[%clk 0:00:49]}  e4 {[%clk 0:01:11]} 37. a4 {[%clk 0:00:39]}  Rb8 {[%clk 0:01:06]} 38. Qa7 {[%clk 0:00:37]}  Rb7 {[%clk 0:01:00]} 39. Qa8+ {[%clk 0:00:36]}  Kh7 {[%clk 0:01:00]} 40. axb5 {[%clk 0:00:35]}  Rxb5 {[%clk 0:00:58]} 41. Qxd5 {[%clk 0:00:34]}  Rxd5 {[%clk 0:00:58]} 42. Kb2 {[%clk 0:00:33]}  Kg6 {[%clk 0:00:58]} 43. b4 {[%clk 0:00:33]}  Kf5 {[%clk 0:00:57]} 44. Kb3 {[%clk 0:00:34]}  Ke5 {[%clk 0:00:55]} 45. Kc4 {[%clk 0:00:34]}  e3 {[%clk 0:00:55]} 46. Kd3 {[%clk 0:00:32]}  Rd7 {[%clk 0:00:40]} 47. Re1 {[%clk 0:00:22]}  Kf4 {[%clk 0:00:40]} 48. b5 {[%clk 0:00:19]}  Kg3 {[%clk 0:00:39]} 49. b6 {[%clk 0:00:19]}  Kxg2 {[%clk 0:00:39]} 50. c3 {[%clk 0:00:17]}  dxc3+ {[%clk 0:00:37]} 51. Kxe3 {[%clk 0:00:17]}  Rb7 {[%clk 0:00:32]} 52. Rb1 {[%clk 0:00:16]}  c2 {[%clk 0:00:31]} 53. Rb2 {[%clk 0:00:16]}  Kxh3 {[%clk 0:00:31]} 54. Kd2 {[%clk 0:00:16]}  g5 {[%clk 0:00:27]} 55. Kxc2 {[%clk 0:00:16]}  g4 {[%clk 0:00:27]} 56. Kd3 {[%clk 0:00:15]}  h5 {[%clk 0:00:27]} 57. Ke3 {[%clk 0:00:15]}  h4 {[%clk 0:00:26]} 58. Kf4 {[%clk 0:00:15]}  g3 {[%clk 0:00:26]} 59. Kf3 {[%clk 0:00:12]}  Rf7+ {[%clk 0:00:24]} 60. Ke3 {[%clk 0:00:11]}  g2 {[%clk 0:00:24]} 61. Rf2 {[%clk 0:00:09]}  Rxf2 {[%clk 0:00:21]} 62. Kxf2 {[%clk 0:00:09]}  Kh2 {[%clk 0:00:21]} 63. b7 {[%clk 0:00:09]}  g1=Q+ {[%clk 0:00:21]} 64. Ke2 {[%clk 0:00:10]}  Qb6 {[%clk 0:00:20]} 65. Kf1 {[%clk 0:00:07]}  Qxb7 {[%clk 0:00:20]} 0-1

[Event "April 9 Early 2024"]
[Site "Chess.com"]
[Date "2024.04.09"]
[Round "8"]
[White "Zhizmer, Yuri"]
[Black "Morales Carlos"]
[Result "1-0"]
[Board "164"]
[WhiteFideId "14108852"]
[BlackFideId "6706754"]
[WhiteTitle "IM"]
[BlackTitle "FM"]
[WhiteElo "2629"]
[BlackElo "2348"]
[WhiteTeam "ISR"]
[BlackTeam "ESA"]
[WhiteClock "0:02:16"]
[BlackClock "0:00:34"]
[Variant "Standard"]

1. e4 {[%clk 0:03:00]}  c6 {[%clk 0:02:59]} 2. d4 {[%clk 0:03:00]}  d5 {[%clk 0:03:00]} 3. Nc3 {[%clk 0:03:00]}  dxe4 {[%clk 0:03:00]} 4. Nxe4 {[%clk 0:03:01]}  Nf6 {[%clk 0:02:59]} 5. Nxf6+ {[%clk 0:03:01]}  exf6 {[%clk 0:03:00]} 6. c3 {[%clk 0:03:01]}  Bd6 {[%clk 0:02:59]} 7. Ne2 {[%clk 0:03:01]}  O-O {[%clk 0:02:58]} 8. Bf4 {[%clk 0:03:00]}  Re8 {[%clk 0:02:54]} 9. Bxd6 {[%clk 0:02:59]}  Qxd6 {[%clk 0:02:55]} 10. Qd2 {[%clk 0:02:59]}  Na6 {[%clk 0:02:54]} 11. O-O-O {[%clk 0:02:56]}  Be6 {[%clk 0:02:51]} 12. Kb1 {[%clk 0:02:53]}  Nc7 {[%clk 0:02:38]} 13. Nf4 {[%clk 0:02:53]}  Bf5+ {[%clk 0:02:37]} 14. Bd3 {[%clk 0:02:52]}  Qd7 {[%clk 0:02:35]} 15. Rde1 {[%clk 0:02:49]}  Nd5 {[%clk 0:02:24]} 16. Nxd5 {[%clk 0:02:48]}  Qxd5 {[%clk 0:02:24]} 17. f3 {[%clk 0:02:49]}  c5 {[%clk 0:02:11]} 18. Bxf5 {[%clk 0:02:41]}  Qxf5+ {[%clk 0:02:10]} 19. Qc2 {[%clk 0:02:41]}  Qxc2+ {[%clk 0:02:10]} 20. Kxc2 {[%clk 0:02:42]}  cxd4 {[%clk 0:02:10]} 21. cxd4 {[%clk 0:02:43]}  Red8 {[%clk 0:02:10]} 22. Kd3 {[%clk 0:02:40]}  Rd7 {[%clk 0:02:08]} 23. Re4 {[%clk 0:02:39]}  Rad8 {[%clk 0:02:08]} 24. Rhe1 {[%clk 0:02:39]}  Kf8 {[%clk 0:02:06]} 25. g4 {[%clk 0:02:39]}  Rd5 {[%clk 0:02:01]} 26. Rc1 {[%clk 0:02:35]}  R5d7 {[%clk 0:02:00]} 27. Rc5 {[%clk 0:02:34]}  g6 {[%clk 0:01:59]} 28. b4 {[%clk 0:02:30]}  b6 {[%clk 0:01:58]} 29. Rc6 {[%clk 0:02:30]}  Kg7 {[%clk 0:01:57]} 30. Rf4 {[%clk 0:02:29]}  Rd6 {[%clk 0:01:50]} 31. Rxd6 {[%clk 0:02:29]}  Rxd6 {[%clk 0:01:51]} 32. Re4 {[%clk 0:02:27]}  Kf8 {[%clk 0:01:48]} 33. Kc4 {[%clk 0:02:26]}  h6 {[%clk 0:01:36]} 34. d5 {[%clk 0:02:25]}  Rd8 {[%clk 0:01:23]} 35. a4 {[%clk 0:02:23]}  a6 {[%clk 0:01:16]} 36. a5 {[%clk 0:02:22]}  Rc8+ {[%clk 0:01:16]} 37. Kd4 {[%clk 0:02:20]}  b5 {[%clk 0:01:16]} 38. d6 {[%clk 0:02:21]}  Rc4+ {[%clk 0:01:06]} 39. Kd5 {[%clk 0:02:21]}  Rxe4 {[%clk 0:01:06]} 40. fxe4 {[%clk 0:02:13]}  Ke8 {[%clk 0:01:03]} 41. Kc6 {[%clk 0:02:14]}  Kd8 {[%clk 0:01:01]} 42. Kb6 {[%clk 0:02:14]}  Kd7 {[%clk 0:00:36]} 43. Kxa6 {[%clk 0:02:14]}  Kxd6 {[%clk 0:00:36]} 44. Kxb5 {[%clk 0:02:14]}  Ke5 {[%clk 0:00:37]} 45. a6 {[%clk 0:02:14]}  Kxe4 {[%clk 0:00:38]} 46. a7 {[%clk 0:02:15]}  f5 {[%clk 0:00:34]} 47. a8=Q+ {[%clk 0:02:16]} 1-0

[Event "April 9 Early 2024"]
[Site "Chess.com"]
[Date "2024.04.09"]
[Round "8"]
[White "Marcziter, Dmitrii"]
[Black "Fiedorek, Michal"]
[Result "1/2-1/2"]
[Board "166"]
[WhiteFideId "13900765"]
[BlackFideId "1199528"]
[WhiteTitle "FM"]
[BlackTitle "FM"]
[WhiteElo "2278"]
[BlackElo "2536"]
[WhiteTeam "GER"]
[BlackTeam "POL"]
[WhiteClock "0:00:08"]
[BlackClock "0:00:07"]
[Variant "Standard"]

1. d4 {[%clk 0:03:00]}  Nf6 {[%clk 0:02:57]} 2. Nf3 {[%clk 0:02:59]}  g6 {[%clk 0:02:57]} 3. c4 {[%clk 0:02:59]}  Bg7 {[%clk 0:02:58]} 4. g3 {[%clk 0:02:59]}  d6 {[%clk 0:02:58]} 5. Bg2 {[%clk 0:03:00]}  O-O {[%clk 0:02:58]} 6. Nc3 {[%clk 0:03:00]}  Nc6 {[%clk 0:02:58]} 7. O-O {[%clk 0:03:00]}  Bg4 {[%clk 0:02:58]} 8. h3 {[%clk 0:02:59]}  Bxf3 {[%clk 0:02:59]} 9. Bxf3 {[%clk 0:02:57]}  Nd7 {[%clk 0:02:59]} 10. e3 {[%clk 0:02:56]}  e5 {[%clk 0:02:58]} 11. Ne2 {[%clk 0:02:49]}  Qf6 {[%clk 0:02:40]} 12. Bxc6 {[%clk 0:02:42]}  bxc6 {[%clk 0:02:41]} 13. Kg2 {[%clk 0:02:35]}  e4 {[%clk 0:02:41]} 14. Nc3 {[%clk 0:02:32]}  Qe7 {[%clk 0:02:39]} 15. b3 {[%clk 0:02:27]}  h5 {[%clk 0:02:33]} 16. Bb2 {[%clk 0:02:21]}  h4 {[%clk 0:02:28]} 17. g4 {[%clk 0:02:19]}  f5 {[%clk 0:02:25]} 18. f4 {[%clk 0:02:15]}  Nf6 {[%clk 0:01:39]} 19. d5 {[%clk 0:01:58]}  c5 {[%clk 0:01:35]} 20. g5 {[%clk 0:01:52]}  Nh5 {[%clk 0:01:35]} 21. Qd2 {[%clk 0:01:47]}  Ng3 {[%clk 0:01:35]} 22. Rfe1 {[%clk 0:01:44]}  a6 {[%clk 0:01:25]} 23. Ne2 {[%clk 0:01:43]}  Nxe2 {[%clk 0:01:21]} 24. Qxe2 {[%clk 0:01:43]}  Bxb2 {[%clk 0:01:20]} 25. Qxb2 {[%clk 0:01:43]}  Qg7 {[%clk 0:01:21]} 26. Qf2 {[%clk 0:01:38]}  Kf7 {[%clk 0:01:19]} 27. Rab1 {[%clk 0:01:31]}  Rh8 {[%clk 0:01:16]} 28. a3 {[%clk 0:01:29]}  a5 {[%clk 0:01:15]} 29. Rec1 {[%clk 0:01:26]}  Ra6 {[%clk 0:01:09]} 30. b4 {[%clk 0:01:21]}  axb4 {[%clk 0:01:07]} 31. axb4 {[%clk 0:01:22]}  cxb4 {[%clk 0:01:00]} 32. Rxb4 {[%clk 0:01:20]}  Rha8 {[%clk 0:01:01]} 33. Rc2 {[%clk 0:01:19]}  Ra1 {[%clk 0:00:49]} 34. Rb7 {[%clk 0:01:17]}  Kg8 {[%clk 0:00:47]} 35. c5 {[%clk 0:01:13]}  dxc5 {[%clk 0:00:47]} 36. d6 {[%clk 0:01:12]}  R1a7 {[%clk 0:00:42]} 37. Rxa7 {[%clk 0:01:03]}  Rxa7 {[%clk 0:00:42]} 38. Rxc5 {[%clk 0:01:01]}  cxd6 {[%clk 0:00:36]} 39. Rc8+ {[%clk 0:01:00]}  Kf7 {[%clk 0:00:36]} 40. Qd2 {[%clk 0:00:52]}  Qa1 {[%clk 0:00:29]} 41. Rc2 {[%clk 0:00:39]}  Qb1 {[%clk 0:00:21]} 42. Qd5+ {[%clk 0:00:36]}  Ke7 {[%clk 0:00:21]} 43. Rd2 {[%clk 0:00:36]}  Qb4 {[%clk 0:00:16]} 44. Rc2 {[%clk 0:00:26]}  Qa4 {[%clk 0:00:16]} 45. Rd2 {[%clk 0:00:23]}  Qb4 {[%clk 0:00:11]} 46. Re2 {[%clk 0:00:19]}  Rc7 {[%clk 0:00:05]} 47. Qg8 {[%clk 0:00:18]}  Qc4 {[%clk 0:00:06]} 48. Qg7+ {[%clk 0:00:17]}  Kd8 {[%clk 0:00:06]} 49. Qf8+ {[%clk 0:00:16]}  Kd7 {[%clk 0:00:06]} 50. Qg7+ {[%clk 0:00:15]}  Kc6 {[%clk 0:00:06]} 51. Qb2 {[%clk 0:00:14]}  Rb7 {[%clk 0:00:06]} 52. Qd2 {[%clk 0:00:11]}  Kd7 {[%clk 0:00:07]} 53. Rf2 {[%clk 0:00:10]}  Rb3 {[%clk 0:00:07]} 54. Re2 {[%clk 0:00:10]}  Rd3 {[%clk 0:00:07]} 55. Qb2 {[%clk 0:00:10]}  Qc3 {[%clk 0:00:07]} 56. Qb7+ {[%clk 0:00:10]}  Qc7 {[%clk 0:00:07]} 57. Qb5+ {[%clk 0:00:10]}  Ke7 {[%clk 0:00:08]} 58. Ra2 {[%clk 0:00:09]}  Rc3 {[%clk 0:00:06]} 59. Qa4 {[%clk 0:00:08]}  Rc4 {[%clk 0:00:05]} 60. Qb3 {[%clk 0:00:07]}  Rc3 {[%clk 0:00:04]} 61. Qa4 {[%clk 0:00:08]}  Rc6 {[%clk 0:00:04]} 62. Qb3 {[%clk 0:00:07]}  Rb6 {[%clk 0:00:04]} 63. Qg8 {[%clk 0:00:06]}  Qb7 {[%clk 0:00:03]} 64. Qg7+ {[%clk 0:00:06]}  Kd8 {[%clk 0:00:03]} 65. Qf6+ {[%clk 0:00:06]}  Kc7 {[%clk 0:00:04]} 66. Rc2+ {[%clk 0:00:05]}  Rc6 {[%clk 0:00:04]} 67. Qe7+ {[%clk 0:00:06]}  Kb8 {[%clk 0:00:04]} 68. Qd8+ {[%clk 0:00:06]}  Ka7 {[%clk 0:00:02]} 69. Ra2+ {[%clk 0:00:04]}  Ra6 {[%clk 0:00:03]} 70. Rc2 {[%clk 0:00:04]}  Rb6 {[%clk 0:00:02]} 71. Rc7 {[%clk 0:00:03]}  Rb2+ {[%clk 0:00:02]} 72. Kf1 {[%clk 0:00:04]}  Rb1+ {[%clk 0:00:02]} 73. Ke2 {[%clk 0:00:04]}  Rb2+ {[%clk 0:00:03]} 74. Kd1 {[%clk 0:00:05]}  Rb1+ {[%clk 0:00:03]} 75. Kc2 {[%clk 0:00:06]}  Rb2+ {[%clk 0:00:04]} 76. Kc1 {[%clk 0:00:06]}  Rb1+ {[%clk 0:00:05]} 77. Kc2 {[%clk 0:00:07]}  Rb2+ {[%clk 0:00:05]} 78. Kc3 {[%clk 0:00:07]}  Rb3+ {[%clk 0:00:06]} 79. Kc4 {[%clk 0:00:08]}  Rb4+ {[%clk 0:00:06]} 80. Kc3 {[%clk 0:00:08]}  Rb3+ {[%clk 0:00:07]} 81. Kc2 {[%clk 0:00:08]}  Rb2+ {[%clk 0:00:07]} 1/2-1/2

[Event "April 9 Early 2024"]
[Site "Chess.com"]
[Date "2024.04.09"]
[Round "8"]
[White "Garv Gaur"]
[Black "Baladjaev, Gara"]
[Result "1/2-1/2"]
[Board "167"]
[WhiteFideId "45030839"]
[BlackFideId "13401785"]
[WhiteTitle "FM"]
[BlackTitle "FM"]
[WhiteElo "2469"]
[BlackElo "2222"]
[WhiteTeam "IND"]
[BlackTeam "AZE"]
[WhiteClock "0:00:04"]
[BlackClock "0:00:02"]
[Variant "Standard"]

1. Nf3 {[%clk 0:03:00]}  Nf6 {[%clk 0:02:58]} 2. g3 {[%clk 0:02:59]}  b6 {[%clk 0:02:57]} 3. Bg2 {[%clk 0:02:59]}  Bb7 {[%clk 0:02:57]} 4. O-O {[%clk 0:03:00]}  g6 {[%clk 0:02:58]} 5. d4 {[%clk 0:02:59]}  Bg7 {[%clk 0:02:58]} 6. c4 {[%clk 0:02:59]}  O-O {[%clk 0:02:50]} 7. Nc3 {[%clk 0:03:00]}  d5 {[%clk 0:02:44]} 8. Ne5 {[%clk 0:02:58]}  c6 {[%clk 0:02:41]} 9. cxd5 {[%clk 0:02:53]}  cxd5 {[%clk 0:02:40]} 10. Qb3 {[%clk 0:02:53]}  Nc6 {[%clk 0:02:36]} 11. Nxc6 {[%clk 0:02:46]}  Bxc6 {[%clk 0:02:36]} 12. Bf4 {[%clk 0:02:47]}  Rc8 {[%clk 0:02:35]} 13. Rac1 {[%clk 0:02:46]}  Ne4 {[%clk 0:02:32]} 14. Rfd1 {[%clk 0:02:41]}  Nxc3 {[%clk 0:02:26]} 15. Rxc3 {[%clk 0:02:17]}  Qd7 {[%clk 0:02:24]} 16. Qa3 {[%clk 0:02:17]}  a5 {[%clk 0:02:09]} 17. e3 {[%clk 0:02:08]}  Bb7 {[%clk 0:01:55]} 18. Rdc1 {[%clk 0:02:06]}  Rxc3 {[%clk 0:01:55]} 19. Rxc3 {[%clk 0:02:06]}  Rc8 {[%clk 0:01:55]} 20. Qb3 {[%clk 0:02:04]}  Rxc3 {[%clk 0:01:53]} 21. bxc3 {[%clk 0:02:05]}  Qc6 {[%clk 0:01:47]} 22. Bf1 {[%clk 0:01:46]}  e6 {[%clk 0:01:46]} 23. a4 {[%clk 0:01:45]}  h5 {[%clk 0:01:40]} 24. Bb5 {[%clk 0:01:44]}  Qc8 {[%clk 0:01:40]} 25. Bd3 {[%clk 0:01:37]}  Ba6 {[%clk 0:01:38]} 26. Bxa6 {[%clk 0:01:28]}  Qxa6 {[%clk 0:01:37]} 27. Bc7 {[%clk 0:01:27]}  Qe2 {[%clk 0:01:15]} 28. Bxb6 {[%clk 0:01:12]}  h4 {[%clk 0:01:11]} 29. gxh4 {[%clk 0:01:12]}  Bf6 {[%clk 0:01:06]} 30. Bc7 {[%clk 0:01:05]}  Bxh4 {[%clk 0:00:36]} 31. Bg3 {[%clk 0:01:04]}  Bxg3 {[%clk 0:00:34]} 32. hxg3 {[%clk 0:01:04]}  Qe1+ {[%clk 0:00:34]} 33. Kg2 {[%clk 0:01:04]}  Qe2 {[%clk 0:00:33]} 34. Qb5 {[%clk 0:00:54]}  Qc2 {[%clk 0:00:25]} 35. Qxa5 {[%clk 0:00:37]}  Qe4+ {[%clk 0:00:25]} 36. Kh2 {[%clk 0:00:37]}  Qf3 {[%clk 0:00:24]} 37. Kg1 {[%clk 0:00:37]}  g5 {[%clk 0:00:16]} 38. Qd8+ {[%clk 0:00:35]}  Kh7 {[%clk 0:00:12]} 39. Qxg5 {[%clk 0:00:35]}  Qd1+ {[%clk 0:00:10]} 40. Kg2 {[%clk 0:00:35]}  Qxa4 {[%clk 0:00:10]} 41. Qf6 {[%clk 0:00:34]}  Kg8 {[%clk 0:00:10]} 42. Qd8+ {[%clk 0:00:33]}  Kg7 {[%clk 0:00:10]} 43. Qc7 {[%clk 0:00:32]}  Qc2 {[%clk 0:00:08]} 44. Qe5+ {[%clk 0:00:24]}  Kg8 {[%clk 0:00:07]} 45. Qc7 {[%clk 0:00:23]}  Kg7 {[%clk 0:00:07]} 46. Kg1 {[%clk 0:00:20]}  Qd1+ {[%clk 0:00:06]} 47. Kh2 {[%clk 0:00:16]}  Qc2 {[%clk 0:00:06]} 48. Kg2 {[%clk 0:00:13]}  Qe4+ {[%clk 0:00:06]} 49. Kg1 {[%clk 0:00:12]}  Qb1+ {[%clk 0:00:06]} 50. Kh2 {[%clk 0:00:12]}  Qc2 {[%clk 0:00:06]} 51. Qe5+ {[%clk 0:00:13]}  Kg8 {[%clk 0:00:06]} 52. Qf4 {[%clk 0:00:13]}  Qxc3 {[%clk 0:00:05]} 53. g4 {[%clk 0:00:13]}  Qc2 {[%clk 0:00:05]} 54. Kg2 {[%clk 0:00:14]}  Kg7 {[%clk 0:00:04]} 55. g5 {[%clk 0:00:13]}  Qe2 {[%clk 0:00:04]} 56. Qf6+ {[%clk 0:00:13]}  Kg8 {[%clk 0:00:04]} 57. Kg3 {[%clk 0:00:12]}  Qh5 {[%clk 0:00:04]} 58. Qf4 {[%clk 0:00:11]}  Qh1 {[%clk 0:00:03]} 59. Qf3 {[%clk 0:00:07]}  Qg1+ {[%clk 0:00:03]} 60. Qg2 {[%clk 0:00:08]}  Qd1 {[%clk 0:00:03]} 61. Kf4 {[%clk 0:00:08]}  Qb1 {[%clk 0:00:02]} 62. Ke5 {[%clk 0:00:06]}  Qb8+ {[%clk 0:00:01]} 63. Kf6 {[%clk 0:00:05]}  Qd8+ {[%clk 0:00:01]} 64. Ke5 {[%clk 0:00:06]}  Qc7+ {[%clk 0:00:01]} 65. Kf6 {[%clk 0:00:06]}  Qd8+ {[%clk 0:00:01]} 66. Ke5 {[%clk 0:00:04]}  Qc7+ {[%clk 0:00:01]} 67. Kf6 {[%clk 0:00:04]}  Qd8+ {[%clk 0:00:02]} 1/2-1/2

[Event "April 9 Early 2024"]
[Site "Chess.com"]
[Date "2024.04.09"]
[Round "8"]
[White "Schoenfeld, Gabriel"]
[Black "Szczepanek, Radoslaw"]
[Result "0-1"]
[Board "170"]
[WhiteFideId "30912636"]
[BlackFideId "1120395"]
[BlackTitle "CM"]
[WhiteElo "2047"]
[BlackElo "2421"]
[WhiteTeam "USA"]
[BlackTeam "POL"]
[WhiteClock "0:00:14"]
[BlackClock "0:00:27"]
[Variant "Standard"]

1. e4 {[%clk 0:03:00]}  c5 {[%clk 0:02:58]} 2. Nc3 {[%clk 0:02:59]}  a6 {[%clk 0:02:57]} 3. Nf3 {[%clk 0:02:58]}  e6 {[%clk 0:02:56]} 4. g3 {[%clk 0:02:57]}  b5 {[%clk 0:02:54]} 5. Bg2 {[%clk 0:02:56]}  Bb7 {[%clk 0:02:54]} 6. d3 {[%clk 0:02:55]}  Nf6 {[%clk 0:02:50]} 7. O-O {[%clk 0:02:52]}  d5 {[%clk 0:02:46]} 8. e5 {[%clk 0:02:34]}  Nfd7 {[%clk 0:02:45]} 9. Re1 {[%clk 0:02:33]}  Nc6 {[%clk 0:02:46]} 10. Bf4 {[%clk 0:02:29]}  Be7 {[%clk 0:02:45]} 11. Qd2 {[%clk 0:02:27]}  h6 {[%clk 0:02:45]} 12. h4 {[%clk 0:02:26]}  Rg8 {[%clk 0:02:34]} 13. h5 {[%clk 0:02:19]}  Qc7 {[%clk 0:02:25]} 14. Nxd5 {[%clk 0:02:19]}  exd5 {[%clk 0:02:19]} 15. e6 {[%clk 0:02:18]}  Qc8 {[%clk 0:02:18]} 16. exd7+ {[%clk 0:02:17]}  Qxd7 {[%clk 0:02:19]} 17. d4 {[%clk 0:01:59]}  O-O-O {[%clk 0:02:15]} 18. c3 {[%clk 0:01:38]}  c4 {[%clk 0:02:03]} 19. b3 {[%clk 0:01:35]}  Bd6 {[%clk 0:01:57]} 20. Ne5 {[%clk 0:01:16]}  Qc7 {[%clk 0:01:51]} 21. Nxc6 {[%clk 0:01:08]}  Bxc6 {[%clk 0:01:49]} 22. Bxd6 {[%clk 0:01:06]}  Qxd6 {[%clk 0:01:50]} 23. Re5 {[%clk 0:01:01]}  f6 {[%clk 0:01:42]} 24. Bh3+ {[%clk 0:01:00]}  Bd7 {[%clk 0:01:35]} 25. Bxd7+ {[%clk 0:00:50]}  Qxd7 {[%clk 0:01:36]} 26. Re3 {[%clk 0:00:43]}  Qh3 {[%clk 0:01:35]} 27. Qe2 {[%clk 0:00:41]}  g6 {[%clk 0:01:31]} 28. Re6 {[%clk 0:00:34]}  gxh5 {[%clk 0:01:19]} 29. Rxf6 {[%clk 0:00:24]}  Rde8 {[%clk 0:01:16]} 30. Qf3 {[%clk 0:00:23]}  Rg5 {[%clk 0:00:48]} 31. Rxh6 {[%clk 0:00:21]}  Reg8 {[%clk 0:00:42]} 32. Qf6 {[%clk 0:00:18]}  Rxg3+ {[%clk 0:00:39]} 33. fxg3 {[%clk 0:00:18]}  Rxg3+ {[%clk 0:00:40]} 34. Kf2 {[%clk 0:00:18]}  Rg2+ {[%clk 0:00:38]} 35. Ke1 {[%clk 0:00:16]}  Qe3+ {[%clk 0:00:27]} 36. Kf1 {[%clk 0:00:14]}  Rg1# {[%clk 0:00:27]} 0-1

[Event "April 9 Early 2024"]
[Site "Chess.com"]
[Date "2024.04.10"]
[Round "8"]
[White "Vrashank Chouhan"]
[Black "Donatti, Alvaro"]
[Result "1-0"]
[Board "171"]
[WhiteFideId "25944240"]
[BlackFideId "3000303"]
[WhiteTitle "FM"]
[WhiteElo "2414"]
[BlackElo "2169"]
[WhiteTeam "IND"]
[BlackTeam "URU"]
[WhiteClock "0:00:08"]
[BlackClock "0:00:02"]
[Variant "Standard"]

1. d4 {[%clk 0:03:00]}  Nf6 {[%clk 0:02:58]} 2. c4 {[%clk 0:03:01]}  g6 {[%clk 0:02:57]} 3. Nc3 {[%clk 0:03:02]}  d5 {[%clk 0:02:57]} 4. cxd5 {[%clk 0:03:01]}  Nxd5 {[%clk 0:02:57]} 5. Bd2 {[%clk 0:03:01]}  Bg7 {[%clk 0:02:56]} 6. e4 {[%clk 0:03:02]}  Nb6 {[%clk 0:02:56]} 7. d5 {[%clk 0:02:54]}  O-O {[%clk 0:02:53]} 8. a4 {[%clk 0:02:54]}  c6 {[%clk 0:02:50]} 9. a5 {[%clk 0:02:53]}  N6d7 {[%clk 0:02:50]} 10. h4 {[%clk 0:02:50]}  cxd5 {[%clk 0:02:49]} 11. exd5 {[%clk 0:02:51]}  Nf6 {[%clk 0:02:48]} 12. Bc4 {[%clk 0:02:49]}  Nbd7 {[%clk 0:02:38]} 13. Nf3 {[%clk 0:02:43]}  Qc7 {[%clk 0:02:37]} 14. Qe2 {[%clk 0:02:43]}  b6 {[%clk 0:02:18]} 15. a6 {[%clk 0:02:33]}  Nc5 {[%clk 0:02:17]} 16. b4 {[%clk 0:02:27]}  Nce4 {[%clk 0:01:50]} 17. Nb5 {[%clk 0:02:03]}  Qd7 {[%clk 0:01:40]} 18. Ne5 {[%clk 0:01:58]}  Qf5 {[%clk 0:01:38]} 19. Nc6 {[%clk 0:01:57]}  Kh8 {[%clk 0:01:26]} 20. Nbd4 {[%clk 0:01:19]}  Qh5 {[%clk 0:01:16]} 21. Qxh5 {[%clk 0:01:14]}  Nxh5 {[%clk 0:01:16]} 22. Ra3 {[%clk 0:01:02]}  Nxd2 {[%clk 0:01:15]} 23. Kxd2 {[%clk 0:01:03]}  Bd7 {[%clk 0:01:11]} 24. b5 {[%clk 0:00:43]}  Rfc8 {[%clk 0:00:51]} 25. Ba2 {[%clk 0:00:36]}  Nf4 {[%clk 0:00:34]} 26. g3 {[%clk 0:00:30]}  Nh5 {[%clk 0:00:33]} 27. Re1 {[%clk 0:00:30]}  Bh6+ {[%clk 0:00:25]} 28. Kd1 {[%clk 0:00:27]}  Bg4+ {[%clk 0:00:23]} 29. f3 {[%clk 0:00:27]}  Bd7 {[%clk 0:00:19]} 30. Rxe7 {[%clk 0:00:27]}  Bxc6 {[%clk 0:00:18]} 31. Nxc6 {[%clk 0:00:25]}  Nxg3 {[%clk 0:00:17]} 32. d6 {[%clk 0:00:25]}  Nf5 {[%clk 0:00:16]} 33. Rd3 {[%clk 0:00:06]}  Nxe7 {[%clk 0:00:15]} 34. dxe7 {[%clk 0:00:07]}  Rcb8 {[%clk 0:00:12]} 35. Nxb8 {[%clk 0:00:06]}  Rxb8 {[%clk 0:00:12]} 36. Rd8+ {[%clk 0:00:07]}  Kg7 {[%clk 0:00:07]} 37. Rxb8 {[%clk 0:00:07]}  Bf4 {[%clk 0:00:08]} 38. e8=Q {[%clk 0:00:07]}  Bxb8 {[%clk 0:00:07]} 39. Qxf7+ {[%clk 0:00:08]}  Kh6 {[%clk 0:00:06]} 40. Qf8+ {[%clk 0:00:07]}  Kh5 {[%clk 0:00:02]} 41. Qxb8 {[%clk 0:00:08]} 1-0